000 00812nam a2200265 a 4500
008
020 _a1856042456 (pbk.)
049 _aMAIN
090 _aZ665 GUI
245 1 0 _aGuidelines for learning resource services in further and higher education :
_bperfomance and resourcing /
_c[edited by] Kathy Ennis.
250 _a6th ed.
260 _aLondon. :
_bLibrary Association ,
_c2000.
300 _aix, 70 p. :
_c29 cm.
504 _aIncludes bibliographical references.
500 _aIncludes index.
650 _aHigher education.
650 _aEducation.
650 _aLearning resources.
700 _aEnnis, Kathy.
907 _a.b10226643
_b24-01-07
_c24-01-07
003
005 20230123134341.0
040 _cNUST
942 _cBOOKS
_kZ665 GUI
999 _c164374
_d164374